| 000 | 00491nam a2200157Ia 4500 | ||
|---|---|---|---|
| 008 | 230907s9999||||xx |||||||||||||| ||und|| | ||
| 082 |
_a621.31 _bMUZ |
||
| 100 |
_aMuhammad Muzammil Farooqi (00000277341) _9116655 |
||
| 245 | 0 | _aControl of Microgrid with Multiple Distributed Generations in Islanded Mode / | |
| 260 |
_aUSPCAS-E, NUST _bIslamabad : _c2021 |
||
| 300 | _axi, 56 p | ||
| 520 | _aTH-325 | ||
| 650 | _aMS-EEP Thesis | ||
| 700 |
_aDr Abasin Ulasyar _9117719 |
||
| 942 |
_cTHE _2ddc |
||
| 999 |
_c602003 _d602003 |
||